MARC

LEADER 00000nam0a2200000 4500
001 275467
005 20231101234827.0
020 |a RU  |b 85-106952 
035 |a (RuTPU)RU\TPU\book\298708 
090 |a 275467 
100 |a 20141114d1985 k y0rusy5003 ca 
101 0 |a rus 
102 |a RU 
105 |a a z 001zy 
200 1 |a Закономерности развития вулканизма и рудообразования активизированных тихоокеанских окраин  |f Л. Г. Филимонова 
210 |a Москва  |c Недра  |d 1985 
215 |a 159 с.  |c ил. 
320 |a Библиогр.: с. 157-158 
606 1 |a Горные породы, эффузивные  |x Месторождения  |2 stltpush  |3 (RuTPU)RU\TPU\subj\8176  |9 35652 
606 1 |a Вулканиты  |2 stltpush  |3 (RuTPU)RU\TPU\subj\3817  |9 32165 
610 1 |a вулканизм 
610 1 |a рудообразование 
610 1 |a тихоокеанский регион 
610 1 |a континентальные окраины 
610 1 |a Альпийский складчатый пояс 
610 1 |a минералого-геохимическая характеристика 
675 |a 553.53  |z rus  |v 3 
675 |a 552.313  |z rus  |v 3 
700 1 |a Филимонова  |b Л. Г.  |g Людмила Георгиевна 
801 0 |a RU  |b RuMRKP  |c 19950704  |g psbo 
801 1 |a RU  |b 63413507  |c 20141114 
801 2 |a RU  |b 63413507  |c 20170126  |g RCR 
942 |c BK